000
00270nam a2200085Ia 4500
245
0
_a
In die skadu van sy vleuels : 366 oordenkings vir vroue
100
_a
SMIT, Nina Vereeniging, 2003 1ste uitg
_9
83023
942
_c
BK
008
210819s9999 xx 000 0 und d
999
_c
301382
_d
301381